Music Quiz

Random Music or Bands Quiz

Bands covering Bands Quiz Stats

Quiz not verified by Sporcle

Challenge
Share
Tweet
Score 0/15 Timer 03:00
0 Plays Today
% Correct
The Beach Boys / The Beatles
97.1%
The Jackson 5 / R.E.M.
92.8%
Metallica / Guns N' Roses
89.9%
The Doors / Ramones
87.7%
Sex Pistols / Aerosmith
84.8%
Public Enemy / Simon and Garfunkel
72.5%
The Who / Nirvana
70.3%
U2 / The Kinks
69.6%
% Correct
AC/DC / Radiohead
69.6%
The Temptations / Eagles
57.2%
Talking Heads / Smokey Robinson and the Miracles
55.8%
Lynyrd Skynyrd / Nine Inch Nails
54.3%
Four Tops / Beastie Boys
50%
Creedence Clearwater Revival / The Yardbirds
35.5%
Sly & the Family Stone / The Byrds
27.5%

You're not logged in!

Compare scores with friends on all Sporcle quizzes.
Sign Up with Email
OR
Log In

You Might Also Like...

Show Comments

Extras

Top Quizzes Today


Score Distribution

Your Account Isn't Verified!

In order to create a playlist on Sporcle, you need to verify the email address you used during registration. Go to your Sporcle Settings to finish the process.